000 00585nam a22002057a 4500
003 KOHA_MİRAKIL
005 20260325105101.0
008 260325b tu ||||| |||| 00| 0 tur d
020 _a9786254181481
040 _aTR-AnABB
_btur
_cTR-AnABB
041 _atur
082 _a956.1024
_bBİL 2022
100 1 _aBila, Fikret
245 1 0 _aKarşı Devrim /
_cFikret Bila
260 _aİstanbul :
_bKırmızı Kedi Yayınevi,
_c2022
300 _a271 sayfa :
_c20 cm
500 _aYazar imzalı
650 0 4 _asiyaset ve yönetim,
_x1923' ten 1923 'e
942 _2ddc
_cBK
999 _c10026
_d10026
900 _bCem ÖZOGLU